Dissection manual : (Record no. 517)

MARC details
000 -LEADER
fixed length control field 01119pam a2200325 a 4500
001 - CONTROL NUMBER
control field 3925566
003 - CONTROL NUMBER IDENTIFIER
control field OSt
005 - DATE AND TIME OF LATEST TRANSACTION
control field 20140925135230.0
008 - FIXED-LENGTH DATA ELEMENTS--GENERAL INFORMATION
fixed length control field 920903s1993 nyua 000 0 eng c
010 ## - LIBRARY OF CONGRESS CONTROL NUMBER
LC control number 92049400
020 ## - INTERNATIONAL STANDARD BOOK NUMBER
International Standard Book Number 0896402304 (New York)
020 ## - INTERNATIONAL STANDARD BOOK NUMBER
International Standard Book Number 4260142305 (Tokyo)
040 ## - CATALOGING SOURCE
Original cataloging agency DNLM/DLC
Transcribing agency DLC
Modifying agency DLC
050 00 - LIBRARY OF CONGRESS CALL NUMBER
Classification number QM25
Item number .R55 1993 Suppl.
060 ## - NATIONAL LIBRARY OF MEDICINE CALL NUMBER
Classification number QS 17 R737c
082 00 - DEWEY DECIMAL CLASSIFICATION NUMBER
Classification number QS 17 W694d 1993
Edition number 20
100 1# - MAIN ENTRY--PERSONAL NAME
Personal name Wilson, Jack L.
9 (RLIN) 1334
245 10 - TITLE STATEMENT
Title Dissection manual :
Remainder of title companion to Rohen/Yokochi Color atlas of anatomy /
Statement of responsibility, etc. Jack L. Wilson.
250 ## - EDITION STATEMENT
Edition statement 3rd ed.
260 ## - PUBLICATION, DISTRIBUTION, ETC. (IMPRINT)
Place of publication, distribution, etc. New York :
Name of publisher, distributor, etc. Igaku-Shoin Medical Publishers,
Date of publication, distribution, etc. c1993.
300 ## - PHYSICAL DESCRIPTION
Extent xii, 273 p. :
Other physical details ill. ;
Dimensions 26 cm.
650 #0 - SUBJECT ADDED ENTRY--TOPICAL TERM
Topical term or geographic name as entry element Human anatomy
General subdivision Laboratory manuals.
9 (RLIN) 1335
650 #0 - SUBJECT ADDED ENTRY--TOPICAL TERM
Topical term or geographic name as entry element Human dissection
General subdivision Laboratory manuals.
9 (RLIN) 156
650 #2 - SUBJECT ADDED ENTRY--TOPICAL TERM
Topical term or geographic name as entry element Anatomy
General subdivision laboratory manuals.
9 (RLIN) 1336
650 #2 - SUBJECT ADDED ENTRY--TOPICAL TERM
Topical term or geographic name as entry element Dissection
General subdivision laboratory manuals.
9 (RLIN) 188
700 1# - ADDED ENTRY--PERSONAL NAME
Personal name Rohen, Johannes W.
Fuller form of name (Johannes Wilhelm)
Title of a work Color atlas of anatomy.
9 (RLIN) 1337
906 ## - LOCAL DATA ELEMENT F, LDF (RLIN)
a 7
b cbc
c orignew
d 1
e ocip
f 19
g y-gencatlg
942 ## - ADDED ENTRY ELEMENTS (KOHA)
Source of classification or shelving scheme Other/Generic Classification Scheme
Koha item type Short Loan
Holdings
Withdrawn status Lost status Source of classification or shelving scheme Damaged status Not for loan Home library Current library Date acquired Source of acquisition Inventory number Total Checkouts Full call number Barcode Date last seen Price effective from Koha item type
    Other/Generic Classification Scheme     MUST Main Library MUST Main Library 25/09/2014   1997/10923   QS 17 W694d 1993 2014-2980 25/09/2014 25/09/2014 Short Loan